000 00498nam a2200193 a 4500
001 15273
003 CO-ViMGA
008 141112s2004 ck r 000 u spa d
020 _a9586903273
040 _aCO-ViMGA
_bspa
_cCO-ViMGA
082 0 4 _a346.861 C656
100 1 _aTafur Gonzalez, Alvaro
_922182
245 1 0 _aCódigo Civil
260 _aBogotá,
_cLeyer,
_c2002
300 _a845.p.
490 _aColección Códigos Brevis
650 1 4 _aDERECHO CIVIL - COLOMBIA
_922183
942 _2ddc
_cBK
999 _c25636
_d25636